00373pab a2200145 454500008004000000100002000040245004800060260000900108300001300117362000800130650003000138650002200168700002500190773001200215180718b2015 xxu||||| |||| 00| 0 eng d aHeller, Patrick aState produced inequality in an Indian city c2015 ap.51-55. aAug aSocial inequality - India aSocial inequality aMukhopadhyay, Partha aSeminar